| 000 | 00842cam a22002775a 4500 | ||
|---|---|---|---|
| 001 | 016148822 | ||
| 003 | OSt | ||
| 005 | 20161206112754.0 | ||
| 008 | 130326t2013 njua frb 001 0 eng d | ||
| 020 | _a9780133114386 (pbk.) | ||
| 020 | _a0133114384 (pbk.) | ||
| 040 |
_aIiNdDKA _beng _cIiNdDKA _dEG-ScBUE |
||
| 043 | _an-us--- | ||
| 082 | 0 | 4 |
_a338.473621 _222 _bPHE |
| 100 | 1 |
_aPhelps, Charles E. _929092 |
|
| 245 | 1 | 0 |
_aHealth economics / _cCharles E. Phelps. |
| 250 | _a5th ed., International ed. | ||
| 260 |
_aUpper Saddle River : _bPearson Education, _cc.2013. |
||
| 300 |
_axvi, 534 p. : _bill. ; _c26 cm. |
||
| 500 | _aIndex : p. 525-534. | ||
| 504 | _aBibliography : p. 499-522. | ||
| 650 | 7 |
_aMedical economics _zUnited States. _2BUEsh _929095 |
|
| 651 | _2BUEsh | ||
| 653 |
_bBUSECO _cFebruary2016 _cDecember2016 |
||
| 942 | _2ddc | ||
| 999 |
_c21148 _d21120 |
||